Introductory econometrics for finance (Record no. 220314)

MARC details
000 -LEADER
fixed length control field 00688nam a2200229Ia 4500
008 - FIXED-LENGTH DATA ELEMENTS--GENERAL INFORMATION
fixed length control field 191130s2008##################000#0#eng##
020 ## - INTERNATIONAL STANDARD BOOK NUMBER
ISBN 9780521694681
082 ## - DEWEY DECIMAL CLASSIFICATION NUMBER
Classification number 332.015195
100 ## - MAIN ENTRY--AUTHOR NAME
Personal name Brooks, Chris
245 ## - TITLE STATEMENT
Title Introductory econometrics for finance
Statement of responsibility, etc Chris Brooks
250 ## - EDITION STATEMENT
Edition statement 2nd ed
260 ## - PUBLICATION, DISTRIBUTION, ETC. (IMPRINT)
Place of publication Cambridge
Name of publisher Cambridge University Press
Year of publication 2008
300 ## - PHYSICAL DESCRIPTION
Number of Pages xxiv, 648 p. : ill. ; 25 cm
500 ## - GENERAL NOTE
General note Includes bibliographical references (p. 629-640) and index
650 ## - SUBJECT ADDED ENTRY--TOPICAL TERM
Topical Term Econometrics
Topical Term Finance - Econometric models
991 ## -
-- 143422
Holdings
Withdrawn status Lost status Damaged status Not for loan Home library Current library Shelving location Date acquired Full call number Accession Number Price effective from Koha item type
        Anna Centenary Library Anna Centenary Library 4TH FLOOR, A WING 13.10.2020 332.015195 248512 13.10.2020 English Books

Find us on the map